Country Quiz- Antigua and Barbuda - Statistics

General Stats
  • This quiz has been taken 18 times
  • The average score is 3 of 11
Answer Stats
Questions Answers % Correct
What is the official language? English
100%
What is the national sport? Cricket
71%
What does Antigua mean? Old
71%
Who is the highest peak named after? President Obama
35%
What is the local currency? Eastern Caribbean Dollar
24%
How many beaches does Antigua have? 365
18%
What is the name of the event which attracts sailors to participate in yacht racing? Antigua sailing week
6%
Barbuda is home to what largest colony in the western hemisphere? Frigate Bird Colony
6%
What is the name of the ten day celebration in Antigua? Antigua Carnival
0%
What is the name of the only snake (and rarest in the world) found in Antigua? Antiguan racer
0%
What is the national dish? Fungie and Pepperpot
0%
No matching quizzes found
Score Distribution
Percent of People with Each Score
Percentile by Number Answered
Your Score History
You have not taken this quiz